[Event "3rd FIDE WCCC Rapid U12 2019"]
[Site "Minsk"]
[Date "2019.08.16"]
[Round "2.2"]
[White "Khubukshanov, Erdem"]
[Black "Baryschyk, Sergey"]
[Result "1-0"]
[WhiteElo "2257"]
[BlackElo "1773"]
[Annotator "RC"]
[PlyCount "179"]
[EventDate "2019.08.16"]
[EventType "swiss"]
[EventCountry "BLR"]
[SourceTitle "playchess.com"]
[Source "ChessBase"]
[SourceQuality "1"]
[TimeControl "600+5"]

1. e4 {[%emt 0:00:00]} c5 {[%emt 0:00:00]} 2. Nf3 {[%emt 0:00:00]} e6 {[%emt 0:00:00]} 3. d4 {[%emt 0:00:00]} cxd4 {[%emt 0:00:01]} 4. Nxd4 {[%emt 0:00:00]} Nf6 {[%emt 0:00:03]} 5. Nc3 {[%emt 0:00:00]} Nc6 {[%emt 0:00:03]} 6. Ndb5 {[%emt 0:00:14]} Bb4 {[%emt 0:00:03]} 7. Nd6+ {[%emt 0:00:05]} Ke7 {[%emt 0:00:02]} 8. Nxc8+ {[%emt 0:00:35]} Rxc8 {[%emt 0:00:05]} 9. Bd2 {[%emt 0:00:27]} Bxc3 {[%emt 0:01:22]} 10. Bxc3 {[%emt 0:00:03]} Nxe4 {[%emt 0:00:06]} 11. Bxg7 {[%emt 0:02:12]} Rg8 {[%emt 0:00:15]} 12. Bd3 {[%emt 0:01:53]} Qa5+ {[%emt 0:01:10]} 13. c3 {[%emt 0:00:44]} Rxg7 {[%emt 0:00:30]} 14. Bxe4 {[%emt 0:00:02]} Qe5 {[%emt 0:00:04]} 15. Qe2 {[%emt 0:00:07]} d5 {[%emt 0:00:39]} 16. Bf3 {[%emt 0:00:02]} Qxe2+ {[%emt 0:00:11]} 17. Kxe2 {[%emt 0:00:02]} Ne5 {[%emt 0:00:08]} 18. Rhd1 {[%emt 0:00:24]} a6 {[%emt 0:00:27]} 19. a4 {[%emt 0:00:22]} Nc4 {[%emt 0:00:23]} 20. Rab1 {[%emt 0:00:54]} Nb6 {[%emt 0:00:15]} 21. Rd4 {[%emt 0:00:42]} Rc4 {[%emt 0:00:34]} 22. Rxc4 {[%emt 0:00:18]} Nxc4 {[%emt 0:00:03]} 23. b3 {[%emt 0:00:04]} Ne5 {[%emt 0:00:26]} 24. g3 {[%emt 0:01:00]} Rg8 {[%emt 0:00:12]} 25. Bg2 {[%emt 0:00:53]} Rc8 {[%emt 0:00:11]} 26. Rc1 {[%emt 0:00:05]} Kf6 {[%emt 0:00:22]} 27. f4 {[%emt 0:00:12]} Nd7 {[%emt 0:00:16]} 28. Kd2 {[%emt 0:00:50]} Nc5 {[%emt 0:00:14]} 29. Rb1 {[%emt 0:00:01]} h5 {[%emt 0:00:18]} 30. Ke3 {[%emt 0:00:09]} h4 {[%emt 0:00:58]} 31. Kd4 {[%emt 0:00:01]} hxg3 {[%emt 0:00:07]} 32. hxg3 b6 {[%emt 0:00:03]} 33. Bf3 {[%emt 0:00:14]} Rg8 {[%emt 0:00:24]} 34. a5 {[%emt 0:00:06]} Rxg3 {[%emt 0:00:21]} 35. axb6 {[%emt 0:00:01]} Nd7 {[%emt 0:00:02]} 36. Be2 {[%emt 0:00:05]} Nxb6 {[%emt 0:00:27]} 37. Bxa6 {[%emt 0:00:08]} Rg4 {[%emt 0:00:46]} 38. Kc5 {[%emt 0:00:07]} Nd7+ {[%emt 0:00:03]} 39. Kd6 {[%emt 0:00:01]} Nf8 {[%emt 0:00:20]} 40. f5 {[%emt 0:00:08]} Kxf5 {[%emt 0:00:30]} 41. Rf1+ {[%emt 0:00:04]} Kg6 {[%emt 0:00:18]} 42. Ke7 {[%emt 0:00:06]} Nh7 {[%emt 0:00:19]} 43. Bd3+ {[%emt 0:00:03]} Kh6 {[%emt 0:00:03]} 44. Rh1+ {[%emt 0:00:03]} Kg5 {[%emt 0:00:05]} 45. Rxh7 {[%emt 0:00:01]} Kf4 {[%emt 0:00:01]} 46. Rxf7+ {[%emt 0:00:05]} Ke3 {[%emt 0:00:02]} 47. Bb5 {[%emt 0:00:10]} e5 {[%emt 0:00:12]} 48. Kd6 {[%emt 0:00:02]} d4 {[%emt 0:00:03]} 49. cxd4 exd4 {[%emt 0:00:02]} 50. Re7+ {[%emt 0:00:16]} Kd2 {[%emt 0:00:11]} 51. Kc5 {[%emt 0:00:01]} Kc3 {[%emt 0:00:11]} 52. Bc4 {[%emt 0:00:10]} Rg5+ {[%emt 0:00:09]} 53. Kb6 {[%emt 0:00:05]} Rg6+ {[%emt 0:00:02]} 54. Ka5 {[%emt 0:00:02]} Rg5+ {[%emt 0:00:14]} 55. Ka4 {[%emt 0:00:03]} Rg3 {[%emt 0:00:02]} 56. Rd7 {[%emt 0:00:02]} Rg1 {[%emt 0:00:02]} 57. Kb5 {[%emt 0:00:10]} Rg5+ {[%emt 0:00:01]} 58. Rd5 {[%emt 0:00:01]} Rg7 {[%emt 0:00:10]} 59. Kc5 {[%emt 0:00:06]} Rc7+ {[%emt 0:00:02]} 60. Kd6 {[%emt 0:00:01]} Rc8 {[%emt 0:00:04]} 61. Rc5 {[%emt 0:00:09]} Rd8+ {[%emt 0:00:05]} 62. Ke7 {[%emt 0:00:03]} Rh8 {[%emt 0:00:13]} 63. Bf7+ {[%emt 0:00:07]} Kd2 {[%emt 0:00:03]} 64. Bg6 {[%emt 0:00:09]} Rb8 {[%emt 0:00:13]} 65. Rc2+ {[%emt 0:00:08]} Ke3 66. Rb2 {[%emt 0:00:05]} d3 {[%emt 0:00:09]} 67. Kd6 {[%emt 0:00:04]} Rd8+ {[%emt 0:00:07]} 68. Kc5 {[%emt 0:00:02]} d2 {[%emt 0:00:01]} 69. Bh5 {[%emt 0:00:04]} Rc8+ {[%emt 0:00:06]} 70. Kd6 {[%emt 0:00:06]} Rd8+ {[%emt 0:00:04]} 71. Kc7 {[%emt 0:00:01]} d1=Q {[%emt 0:00:02]} 72. Bxd1 {[%emt 0:00:04]} Rxd1 {[%emt 0:00:01]} 73. b4 {[%emt 0:00:03]} Kd4 {[%emt 0:00:06]} 74. b5 {[%emt 0:00:02]} Rc1+ {[%emt 0:00:02]} 75. Kb6 {[%emt 0:00:01]} Kd5 {[%emt 0:00:06]} 76. Rd2+ {[%emt 0:00:04]} Ke6 {[%emt 0:00:02]} 77. Ka6 {[%emt 0:00:05]} Ra1+ {[%emt 0:00:01]} 78. Kb7 {[%emt 0:00:01]} Rb1 {[%emt 0:00:03]} 79. b6 {[%emt 0:00:01]} Rb3 {[%emt 0:00:04]} 80. Kc7 {[%emt 0:00:05]} Rc3+ {[%emt 0:00:02]} 81. Kb8 {[%emt 0:00:01]} Rb3 {[%emt 0:00:03]} 82. b7 {[%emt 0:00:05]} Rb1 {[%emt 0:00:01]} 83. Rd4 {[%emt 0:00:09]} Rb2 {[%emt 0:00:03]} 84. Kc7 {[%emt 0:00:05]} Rc2+ {[%emt 0:00:02]} 85. Kb6 {[%emt 0:00:02]} Rb2+ {[%emt 0:00:02]} 86. Kc6 {[%emt 0:00:03]} Rb1 {[%emt 0:00:09]} 87. Re4+ {[%emt 0:00:06]} Kf5 {[%emt 0:00:02]} 88. Re8 {[%emt 0:00:02]} Rc1+ {[%emt 0:00:01]} 89. Kd5 {[%emt 0:00:02]} Rd1+ {[%emt 0:00:04]} 90. Kc4 {[%emt 0:00:00]} 1-0

[Event "3rd FIDE WCCC Rapid U12 2019"]
[Site "Minsk"]
[Date "2019.08.16"]
[Round "2.3"]
[White "Sadekov, Maksim"]
[Black "Mochalov, Dmitriy"]
[Result "0-1"]
[WhiteElo "1558"]
[BlackElo "1852"]
[Annotator "NA"]
[PlyCount "72"]
[EventDate "2019.08.16"]
[EventType "swiss"]
[EventCountry "BLR"]
[SourceTitle "playchess.com"]
[Source "ChessBase"]
[SourceQuality "1"]
[TimeControl "600+5"]

1. d4 {[%emt 0:00:00]} Nf6 {[%emt 0:00:00]} 2. c4 {[%emt 0:00:00]} g6 {[%emt 0:00:00]} 3. Nc3 {[%emt 0:00:00]} Bg7 {[%emt 0:00:00]} 4. e4 {[%emt 0:00:00]} d6 {[%emt 0:00:00]} 5. Bg5 {[%emt 0:00:02]} O-O {[%emt 0:00:02]} 6. Be2 {[%emt 0:00:01]} Nbd7 {[%emt 0:00:12]} 7. Qd2 {[%emt 0:00:30]} e5 {[%emt 0:00:02]} 8. d5 {[%emt 0:00:02]} Nc5 {[%emt 0:00:01]} 9. f3 {[%emt 0:00:06]} a5 {[%emt 0:00:12]} 10. g4 {[%emt 0:00:07]} h6 {[%emt 0:00:58]} 11. Bxh6 {[%emt 0:00:21]} Nfxe4 {[%emt 0:00:01]} 12. Bxg7 {[%emt 0:00:25]} Nxd2 {[%emt 0:00:02]} 13. Bxf8 {[%emt 0:00:02]} Nxf3+ {[%emt 0:00:47]} 14. Nxf3 {[%emt 0:00:06]} Qxf8 {[%emt 0:00:01]} 15. Nd2 {[%emt 0:00:48]} Qh6 {[%emt 0:00:06]} 16. O-O-O {[%emt 0:00:05]} a4 {[%emt 0:00:05]} 17. h4 {[%emt 0:00:18]} Qe3 {[%emt 0:00:02]} 18. Kc2 {[%emt 0:00:55]} a3 {[%emt 0:00:14]} 19. b3 {[%emt 0:00:40]} Bxg4 {[%emt 0:00:02]} 20. Nf1 {[%emt 0:01:08]} Bf5+ {[%emt 0:00:07]} 21. Bd3 {[%emt 0:00:36]} Bxd3+ {[%emt 0:00:01]} 22. Rxd3 {[%emt 0:00:04]} Qxd3+ {[%emt 0:00:01]} 23. Kc1 {[%emt 0:00:03]} Qxc3+ {[%emt 0:00:01]} 24. Kd1 {[%emt 0:00:01]} Qa1+ {[%emt 0:00:09]} 25. Ke2 {[%emt 0:00:03]} Qxa2+ {[%emt 0:00:01]} 26. Kf3 {[%emt 0:00:01]} Qxb3+ {[%emt 0:00:02]} 27. Kg4 {[%emt 0:00:04]} Qxc4+ {[%emt 0:00:01]} 28. Kg3 {[%emt 0:00:07]} Ne4+ {[%emt 0:00:01]} 29. Kf3 {[%emt 0:00:03]} Qxf1+ {[%emt 0:00:02]} 30. Rxf1 {[%emt 0:00:10]} Nd2+ {[%emt 0:00:00]} 31. Ke2 {[%emt 0:00:13]} Nxf1 {[%emt 0:00:01]} 32. Kxf1 {[%emt 0:00:02]} a2 {[%emt 0:00:01]} 33. Kf2 {[%emt 0:00:02]} a1=Q {[%emt 0:00:02]} 34. h5 {[%emt 0:00:03]} Ra3 {[%emt 0:00:03]} 35. hxg6 {[%emt 0:00:04]} Qb2+ {[%emt 0:00:01]} 36. Ke1 {[%emt 0:00:01]} Ra1# {[%emt 0:00:00]} 0-1

[Event "3rd FIDE WCCC Rapid U12 2019"]
[Site "Minsk"]
[Date "2019.08.16"]
[Round "2.4"]
[White "Israfilov, Ali"]
[Black "Maranin, Sergey"]
[Result "1-0"]
[WhiteElo "1857"]
[BlackElo "1500"]
[Annotator "NA"]
[PlyCount "53"]
[EventDate "2019.08.16"]
[EventType "swiss"]
[EventCountry "BLR"]
[SourceTitle "playchess.com"]
[Source "ChessBase"]
[SourceQuality "1"]
[TimeControl "600+5"]

1. d4 {[%emt 0:00:00]} Nf6 {[%emt 0:00:00]} 2. c4 {[%emt 0:00:00]} d6 {[%emt 0:00:00]} 3. Nc3 {[%emt 0:00:00]} g6 {[%emt 0:00:00]} 4. e4 {[%emt 0:00:00]} Bg7 {[%emt 0:00:00]} 5. Nf3 {[%emt 0:00:01]} O-O {[%emt 0:00:02]} 6. Be2 {[%emt 0:00:02]} Nbd7 {[%emt 0:00:03]} 7. O-O {[%emt 0:00:05]} e5 {[%emt 0:00:06]} 8. Qc2 {[%emt 0:00:04]} c6 {[%emt 0:00:26]} 9. Rd1 {[%emt 0:00:03]} Qc7 {[%emt 0:00:04]} 10. h3 {[%emt 0:00:10]} Re8 {[%emt 0:01:48]} 11. d5 {[%emt 0:00:56]} c5 $16 {[%emt 0:00:21]} 12. a3 {[%emt 0:00:09]} a6 {[%emt 0:00:18]} 13. Be3 {[%emt 0:00:09]} Nh5 {[%emt 0:01:07]} 14. b4 {[%emt 0:00:16]} b6 {[%emt 0:01:00]} 15. Nd2 {[%emt 0:01:29]} Nf4 {[%emt 0:00:30]} 16. Bf1 {[%emt 0:00:03]} Nf8 {[%emt 0:00:31]} 17. bxc5 {[%emt 0:00:28]} bxc5 {[%emt 0:00:08]} 18. Rab1 {[%emt 0:00:06]} Bd7 {[%emt 0:00:52]} 19. Rb2 {[%emt 0:00:40]} Rab8 {[%emt 0:00:21]} 20. Rdb1 {[%emt 0:00:03]} Rxb2 {[%emt 0:02:39]} 21. Qxb2 {[%emt 0:00:04]} Qa5 {[%emt 0:00:00]} 22. Nb3 {[%emt 0:00:35]} Qc7 {[%emt 0:00:26]} 23. Nc1 {[%emt 0:00:16]} Qa5 {[%emt 0:00:20]} 24. Bd2 {[%emt 0:00:01]} Ba4 {[%emt 0:00:43]} 25. Qb6 {[%emt 0:00:23]} Qxb6 {[%emt 0:00:08]} 26. Rxb6 {[%emt 0:00:01]} Bc2 {[%emt 0:00:03]} 27. Rb2 {[%emt 0:00:06]} 1-0

[Event "3rd FIDE WCCC Rapid U12 2019"]
[Site "Minsk"]
[Date "2019.08.16"]
[Round "2.5"]
[White "Kurchenko, Egor"]
[Black "Tobak, Mikhail"]
[Result "1-0"]
[WhiteElo "1850"]
[BlackElo "1998"]
[Annotator "NA"]
[PlyCount "115"]
[EventDate "2019.08.16"]
[EventType "swiss"]
[EventCountry "BLR"]
[SourceTitle "playchess.com"]
[Source "ChessBase"]
[SourceQuality "1"]
[TimeControl "600+5"]

1. e4 {[%emt 0:00:00]} Nf6 {[%emt 0:00:00]} 2. e5 {[%emt 0:00:00]} Nd5 {[%emt 0:00:00]} 3. d4 d6 4. exd6 {[%emt 0:00:02]} cxd6 {[%emt 0:00:00]} 5. Nf3 {[%emt 0:00:03]} g6 {[%emt 0:00:01]} 6. c3 {[%emt 0:00:09]} Bg7 {[%emt 0:00:03]} 7. Bc4 {[%emt 0:00:11]} Nb6 {[%emt 0:00:02]} 8. Bb3 {[%emt 0:00:01]} O-O {[%emt 0:00:03]} 9. O-O {[%emt 0:00:02]} Nc6 {[%emt 0:00:19]} 10. Re1 {[%emt 0:00:19]} Bf5 {[%emt 0:00:30] B04: Alekhine's Defence: 4 Nf3} 11. Bg5 {[%emt 0:00:31]} (11. Na3 Qd7 12. Bc2 Bxc2 13. Nxc2 Rac8 14. Ne3 e5 15. dxe5 dxe5 16. Qxd7 Nxd7 17. Nc4 f5 18. Nd6 {1-0 (50) Grischuk,A (2747)-Bortnyk,O (2579) ICC INT 2016}) 11... h6 {[%emt 0:00:05]} 12. Be3 {[%emt 0:00:45]} Qc7 $146 {[%emt 0:00:31]} ({Predecessor:} 12... Na5 13. Bc2 Bxc2 14. Qxc2 Nac4 15. Bc1 Rc8 16. Nbd2 e5 17. Nxc4 Nxc4 18. dxe5 dxe5 {1-0 (48) Kosteniuk,A (2552)-Fier,A (2573) Bastia 2017}) 13. Nh4 {[%emt 0:00:15]} Bxb1 {[%emt 0:00:13]} 14. Rxb1 {[%emt 0:00:09]} d5 {[%emt 0:00:03]} 15. Qd2 {[%emt 0:00:25]} Kh7 {[%emt 0:00:08]} 16. Bc2 {[%emt 0:00:01]} e6 {[%emt 0:00:40]} 17. Qd3 {[%emt 0:01:31]} f5 {[%emt 0:00:02]} 18. Bd2 {[%emt 0:00:44]} Qf7 {[%emt 0:00:07]} 19. Nf3 {[%emt 0:00:34]} Nc4 {[%emt 0:00:01]} 20. Bf4 {[%emt 0:00:13]} Kh8 {[%emt 0:00:45]} 21. h4 {[%emt 0:00:18]} Rad8 {[%emt 0:00:14]} 22. h5 {[%emt 0:01:37]} Rde8 {[%emt 0:01:06]} 23. hxg6 {[%emt 0:00:10]} Qxg6 {[%emt 0:00:01]} 24. Nh4 {[%emt 0:00:26]} Qg4 {[%emt 0:00:20]} 25. g3 {[%emt 0:00:03]} Rg8 $18 {[%emt 0:01:05]} (25... Bf6) 26. Bd1 {[%emt 0:00:12]} Qh3 {[%emt 0:00:01]} 27. Bh5 {[%emt 0:00:12]} Bf6 {[%emt 0:01:52]} 28. Bxe8 {[%emt 0:00:31]} Rxe8 {[%emt 0:00:22]} 29. Nxf5 {[%emt 0:00:10]} e5 30. Nxh6 {[%emt 0:00:39]} e4 {[%emt 0:01:02]} 31. Qe2 {[%emt 0:00:16]} Bxd4 {[%emt 0:00:33]} 32. Nf7+ {[%emt 0:00:25]} Kg7 {[%emt 0:00:20]} 33. Ng5 {[%emt 0:00:02]} Qh6 {[%emt 0:01:03]} 34. Nxe4 {[%emt 0:00:11]} Qg6 {[%emt 0:00:26]} 35. cxd4 {[%emt 0:00:29]} Nxd4 {[%emt 0:00:35]} 36. Qd3 {[%emt 0:00:13]} Rxe4 {[%emt 0:00:11]} 37. Rxe4 {[%emt 0:00:11]} Qxe4 {[%emt 0:00:04]} 38. Qxe4 {[%emt 0:00:06]} dxe4 {[%emt 0:00:01]} 39. b3 {[%emt 0:00:17]} Nf3+ {[%emt 0:00:07]} 40. Kh1 {[%emt 0:00:10]} Nb6 {[%emt 0:00:01]} 41. Rd1 {[%emt 0:00:11]} Kf6 {[%emt 0:00:04]} 42. Bb8 {[%emt 0:00:06]} Kf5 {[%emt 0:00:10]} 43. Bxa7 {[%emt 0:00:10]} Nc8 {[%emt 0:00:01]} 44. Bc5 {[%emt 0:00:05]} b6 {[%emt 0:00:02]} 45. Rd8 {[%emt 0:00:08]} Na7 {[%emt 0:00:11]} 46. Bxb6 {[%emt 0:00:04]} Nc6 {[%emt 0:00:01]} 47. Rf8+ {[%emt 0:00:04]} Ke6 {[%emt 0:00:00]} 48. Rxf3 {[%emt 0:00:18]} exf3 {[%emt 0:00:01]} 49. Kh2 {[%emt 0:00:03]} Kd5 {[%emt 0:00:06]} 50. g4 {[%emt 0:00:06]} Ke4 {[%emt 0:00:03]} 51. Kg3 {[%emt 0:00:03]} Nb4 {[%emt 0:00:02]} 52. a4 {[%emt 0:00:08]} Nd5 {[%emt 0:00:01]} 53. Bc5 {[%emt 0:00:06]} Nc3 {[%emt 0:00:03]} 54. a5 {[%emt 0:00:06]} Ne2+ {[%emt 0:00:01]} 55. Kh2 {[%emt 0:00:05]} Kd5 {[%emt 0:00:01]} 56. a6 {[%emt 0:00:08]} Kc6 {[%emt 0:00:01]} 57. a7 {[%emt 0:00:03]} Kb7 {[%emt 0:00:01]} 58. g5 {[%emt 0:00:04]} 1-0

[Event "3rd FIDE WCCC Rapid U12 2019"]
[Site "Minsk"]
[Date "2019.08.16"]
[Round "2.6"]
[White "Navumenka, Mikhei"]
[Black "Kotelnikov, Konstantin"]
[Result "1/2-1/2"]
[WhiteElo "2148"]
[BlackElo "1629"]
[Annotator "ChessBase"]
[PlyCount "91"]
[EventDate "2019.08.16"]
[EventType "swiss"]
[EventCountry "BLR"]
[SourceTitle "playchess.com"]
[Source "ChessBase"]
[SourceQuality "1"]
[TimeControl "600+5"]

1. d4 {[%emt 0:00:00]} Nf6 {[%emt 0:00:00]} 2. Nf3 {[%emt 0:00:00]} g6 {[%emt 0:00:00]} 3. c4 {[%emt 0:00:01]} Bg7 {[%emt 0:00:00]} 4. g3 {[%emt 0:00:01]} c6 {[%emt 0:00:00]} 5. Bg2 {[%emt 0:00:06]} d5 {[%emt 0:00:00]} 6. O-O {[%emt 0:00:02]} O-O {[%emt 0:00:03]} 7. Nbd2 {[%emt 0:00:24]} Bf5 {[%emt 0:00:46]} 8. Qb3 {[%emt 0:00:15]} Qb6 9. Qxb6 {[%emt 0:01:52]} axb6 {[%emt 0:01:13]} 10. b3 {[%emt 0:00:25]} Ne4 {[%emt 0:00:21]} 11. Bb2 {[%emt 0:00:07]} Nd7 {[%emt 0:00:40]} 12. Rfd1 {[%emt 0:00:20]} Ndf6 {[%emt 0:01:08]} 13. Ne5 {[%emt 0:00:42]} Nxd2 {[%emt 0:02:04]} 14. Rxd2 {[%emt 0:00:02]} Ne4 {[%emt 0:00:02]} 15. Rdd1 {[%emt 0:00:59]} h5 {[%emt 0:01:28]} 16. a4 {[%emt 0:01:40]} Rfd8 {[%emt 0:01:21]} 17. Rac1 {[%emt 0:00:14]} Rac8 {[%emt 0:00:20]} 18. e3 {[%emt 0:00:15]} e6 {[%emt 0:00:36]} 19. h3 {[%emt 0:00:09]} f6 {[%emt 0:00:34]} 20. Nd3 {[%emt 0:00:17]} g5 {[%emt 0:00:01]} 21. c5 {[%emt 0:01:40]} bxc5 {[%emt 0:00:11]} 22. Bxe4 {[%emt 0:00:35]} dxe4 {[%emt 0:00:20]} 23. Nxc5 {[%emt 0:00:05]} b6 {[%emt 0:00:01]} 24. Na6 {[%emt 0:00:24]} Bxh3 {[%emt 0:00:02]} 25. Ba3 {[%emt 0:00:10]} Bf8 26. Bxf8 {[%emt 0:00:07]} Kxf8 {[%emt 0:00:07]} 27. Rc4 {[%emt 0:00:32]} Ra8 {[%emt 0:00:07]} 28. Nb4 {[%emt 0:00:03]} c5 {[%emt 0:00:01]} 29. Nc2 {[%emt 0:00:07]} Rac8 {[%emt 0:00:17]} 30. Rc1 {[%emt 0:00:06]} Bf5 31. Na3 {[%emt 0:00:08]} e5 {[%emt 0:00:18]} 32. Nb5 {[%emt 0:00:16]} cxd4 {[%emt 0:00:07]} 33. Rxc8 {[%emt 0:00:03]} Rxc8 {[%emt 0:00:01]} 34. Rxc8+ {[%emt 0:00:06]} Bxc8 {[%emt 0:00:01]} 35. exd4 {[%emt 0:00:00]} exd4 {[%emt 0:00:02]} 36. Nxd4 {[%emt 0:00:02]} Ke7 {[%emt 0:00:04]} 37. f4 {[%emt 0:00:20]} exf3 38. Nxf3 {[%emt 0:00:01]} Kd6 {[%emt 0:00:04]} 39. Nd2 {[%emt 0:00:03]} Kc5 {[%emt 0:00:02]} 40. Ne4+ {[%emt 0:00:17]} Kb4 {[%emt 0:00:00]} 41. Nxf6 {[%emt 0:00:02]} Kxb3 {[%emt 0:00:01]} 42. Nd5 {[%emt 0:00:01]} Be6 {[%emt 0:00:24]} 43. Nxb6 {[%emt 0:00:02]} Kb4 {[%emt 0:00:02]} 44. Kf2 {[%emt 0:00:10]} Ka5 {[%emt 0:00:01]} 45. Na8 {[%emt 0:00:05]} Kxa4 {[%emt 0:00:06]} 46. Nc7 {[%emt 0:00:01]} 1/2-1/2

[Event "3rd FIDE WCCC Rapid U12 2019"]
[Site "Minsk"]
[Date "2019.08.16"]
[Round "3.1"]
[White "Cherniaiev, Tykhon"]
[Black "Mikko, Rondo"]
[Result "1-0"]
[WhiteElo "2112"]
[BlackElo "1514"]
[Annotator "ChessBase"]
[PlyCount "69"]
[EventDate "2019.08.16"]
[EventType "swiss"]
[EventCountry "BLR"]
[SourceTitle "playchess.com"]
[Source "ChessBase"]
[SourceQuality "1"]
[TimeControl "600+5"]

1. e4 {[%emt 0:00:00]} e5 {[%emt 0:00:00]} 2. Nf3 {[%emt 0:00:00]} Nc6 {[%emt 0:00:00]} 3. Bc4 {[%emt 0:00:07]} Bc5 {[%emt 0:00:15]} 4. c3 {[%emt 0:00:04]} Nf6 {[%emt 0:01:13]} 5. d3 {[%emt 0:00:03]} O-O {[%emt 0:00:08]} 6. O-O {[%emt 0:00:04]} d6 {[%emt 0:00:18]} 7. Bg5 {[%emt 0:00:12]} h6 {[%emt 0:00:09]} 8. Bh4 {[%emt 0:00:04]} Bg4 {[%emt 0:00:43]} 9. Nbd2 {[%emt 0:00:07]} g5 {[%emt 0:00:57]} 10. Bg3 {[%emt 0:00:07]} Nh5 {[%emt 0:00:16]} 11. Nb3 {[%emt 0:01:30]} Nxg3 {[%emt 0:00:16]} 12. hxg3 {[%emt 0:00:19]} Bb6 {[%emt 0:00:26]} 13. d4 {[%emt 0:00:23]} Qf6 {[%emt 0:00:16]} 14. dxe5 {[%emt 0:00:34]} Nxe5 {[%emt 0:00:23]} 15. Be2 {[%emt 0:00:02]} Nxf3+ {[%emt 0:00:44]} 16. Bxf3 {[%emt 0:00:03]} Bxf3 {[%emt 0:00:05]} 17. Qxf3 {[%emt 0:00:10]} Qxf3 {[%emt 0:00:03]} 18. gxf3 {[%emt 0:00:02]} Kg7 {[%emt 0:00:03]} 19. Kg2 {[%emt 0:00:08]} Rae8 {[%emt 0:00:17]} 20. g4 {[%emt 0:00:13]} Rh8 {[%emt 0:01:24]} 21. Rh1 {[%emt 0:00:13]} d5 {[%emt 0:00:33]} 22. Nd2 {[%emt 0:00:12]} d4 {[%emt 0:00:16]} 23. Nf1 {[%emt 0:01:57]} dxc3 {[%emt 0:00:49]} 24. bxc3 {[%emt 0:00:02]} Rd8 {[%emt 0:00:10]} 25. a4 {[%emt 0:00:40]} Bc5 {[%emt 0:00:32]} 26. Rh5 {[%emt 0:00:27]} Rd3 {[%emt 0:00:33]} 27. Rc1 {[%emt 0:01:10]} a5 {[%emt 0:00:21]} 28. Rc2 {[%emt 0:00:22]} b6 {[%emt 0:00:41]} 29. Ng3 {[%emt 0:00:04]} Kf6 {[%emt 0:00:18]} 30. Nf5 {[%emt 0:00:16]} Bf8 {[%emt 0:00:01]} 31. Kf1 {[%emt 0:00:43]} Kg6 {[%emt 0:00:13]} 32. Ke2 {[%emt 0:00:04]} Rd7 {[%emt 0:00:05]} 33. Rc1 {[%emt 0:00:16]} Bg7 {[%emt 0:00:09]} 34. Rch1 {[%emt 0:00:07]} f6 {[%emt 0:00:03]} 35. Ke3 {[%emt 0:00:20]} 1-0

[Event "3rd FIDE WCCC Rapid U12 2019"]
[Site "Minsk"]
[Date "2019.08.16"]
[Round "3.2"]
[White "Balayan, Eduard"]
[Black "Khubukshanov, Erdem"]
[Result "1/2-1/2"]
[WhiteElo "1684"]
[BlackElo "2257"]
[Annotator "TA"]
[PlyCount "167"]
[EventDate "2019.08.16"]
[EventType "swiss"]
[EventCountry "BLR"]
[SourceTitle "playchess.com"]
[Source "ChessBase"]
[SourceQuality "1"]

{[%evp 19,167,7,13,8,10,0,0,26,22,0,0,0,0,0,8,-18,12,0,52,50,48,43,58,47,75,72,75,70,69,70,63,59,174,162,189,114,120,127,141,108,99,104,307,322,324,257,361,275,282,284,286,286,326,219,483,501,616,604,642,624,741,738,807,767,1089,1070,1011,648,1156,545,528,517,513,513,503,500,723,722,1218,596,851,671,882,693,1113,645,1653,1281,744,516,757,722,798,749,733,713,2658,632,609,528,960,1002,29978,29979,29980,29981,29966,7582,2716,1041,1487,852,1095,0,1810,1074,864,601,29985,8,8,8,8,8,29978,29977,29965,29972,5406,8,8,8,13,0,8,8,8,0,8,0,8,8,8,8,8,8,8,8,8,8]} 1. e4 c5 2. Nf3 Nc6 3. d4 cxd4 4. Nxd4 Nf6 5. Nc3 e5 6. Ndb5 d6 7. Bg5 a6 8. Na3 Be6 9. Nd5 Bxd5 10. exd5 Qa5+ 11. c3 {Hoping for Bxf6. B33: Sicilian: Pelikan and Sveshnikov Variations} Qxd5 ({But not} 11... Nxd5 $6 12. Nc4 $16) 12. Bxf6 Qxd1+ $1 13. Rxd1 gxf6 14. Nc4 Rd8 15. Nb6 f5 16. Nd5 $146 ({Predecessor:} 16. g3 h5 17. Bg2 Bg7 18. Ke2 Rh6 {0-1 (49) Wernikiewicz,Z (2368)-Sukhov,N (2391) ICCF email 2005}) 16... Bg7 17. Be2 O-O 18. O-O e4 (18... Rfe8 $11) 19. f4 $14 {[%mdl 1024] White has compensation.} Rfe8 20. Kf2 Ne7 21. Ke3 Nc6 22. g3 Kf8 23. Rf2 Re6 24. Bf1 Rh6 25. Rfd2 Na5 {[#]} (25... Rc8 $14) 26. h4 $1 $18 Nc6 27. Kf2 ({White should try} 27. Bh3 $18) 27... Re6 $16 28. Bh3 Ne7 29. Ke3 Rg6 30. Rg1 Nc6 $2 (30... Rf6 $16 {keeps fighting.} 31. Ke2 (31. Nxf6 Bxf6 32. Ke2 d5 $16) 31... h5) 31. Bxf5 $18 Rh6 32. Bxe4 Na5 (32... Re6 $142) 33. Bd3 Re8+ 34. Kf3 Rh5 35. Ne3 Rc5 36. Bxh7 {Threatens to win with Be4.} Rb5 $2 (36... Rxe3+ 37. Kxe3 Nc4+ 38. Ke2 Nxd2) 37. Be4 Rb6 38. h5 Rb5 39. g4 d5 40. Bxd5 Rb6 41. g5 Rd6 42. h6 Bh8 43. Rgd1 b5 44. Be4 Rde6 45. Rd4 ({Less strong is} 45. Rd8 Rxe4 46. Rxe8+ Rxe8 $16) 45... Bxd4 46. Rxd4 Nc6 47. Bxc6 Rxe3+ {[%mdl 4096] Endgame KRR-KRB} 48. Kg4 Rb8 49. Bf3 (49. Rd7 $142 Kg8 50. Bd5) 49... Kg8 50. Rd6 a5 51. f5 Kh7 52. Kf4 Rbe8 53. Rd7 R8e7 54. Rd5 b4 55. cxb4 axb4 56. Rd4 b3 57. a4 R3e5 58. Rb4 (58. f6 $142 Re8 59. Bc6) 58... Ra5 59. Be4 f6 60. gxf6 Rf7 61. Kg5 Re5 62. a5 Rxa5 63. Rxb3 (63. Rb7 $142 Ra7 64. Rxa7 Rxa7 65. Bd5 Rg7+ 66. Kh5 Rc7 67. f7 Rc8 68. Bxb3) 63... Ra1 64. Rg3 (64. Rb6 $142 Rg1+ 65. Kh5) 64... Ra6 65. Rc3 Ra1 66. Rg3 $2 (66. Rc6 $18 Ra8 67. Re6 Rg8+ 68. Kh5) 66... Rf8 $2 {[%mdl 8192]} (66... Ra6 $11 67. Rc3 Ra1) 67. b4 Rg8+ 68. Kf4 {Black must now prevent Rg7+.} Rxg3 69. Kxg3 $2 (69. f7 {mates} Ra7 70. f8=Q (70. Kxg3 Rxf7 71. Kf4 Kxh6 $16) 70... Rg8 71. Qd6 Rc8 72. f6+ Kh8 73. Bd5 Ra1 74. f7) 69... Kxh6 {KR-KB} 70. Kf4 Ra4 $1 71. Ke5 Kh7 $2 {[%mdl 8192]} (71... Rxb4 $11 72. Bc6 Rb6) 72. b5 Rb4 73. Bc6 Kg8 {[#]} 74. Ke6 $2 ({White must play} 74. Be8 $1 $18 Kf8 75. f7) 74... Kf8 $11 {The position is equal.} 75. Kd6 {Strongly threatening Kc5.} Kf7 76. Ke5 Rb2 77. Bd5+ Kf8 $1 78. Bc6 Kf7 79. Kd6 Kxf6 80. Kc7 Kxf5 81. b6 Ke6 82. b7 Ke7 83. b8=Q Rxb8 84. Kxb8 {Accuracy: White = 55%, Black = 31%.} 1/2-1/2